000 00361 a2200109 4500
001 ART_9320
005 20260410161846.0
008 260409a
245 1 0 _aMercado financiero, expectativas cambiarias y movimientos de capital
100 1 _aFrenkel, Roberto
773 0 _tEl trimestre económico
_g- Vol. L, Nº 200 (oct./dic. 1983)
_wREV6933
999 _c24554
_d24554